LEADER 00849nam0-22003131i-450- 001 990003254030403321 005 20001010 035 $a000325403 035 $aFED01000325403 035 $a(Aleph)000325403FED01 035 $a000325403 100 $a20000920d1950----km-y0itay50------ba 101 0 $aita 105 $ay-------001yy 200 1 $a<>REVOLUCION INDUSTRIAL 1760-1830 205 $a4 210 $aMexico$cFondo De Cultura Economica$d1950 215 $app.171 610 0 $aManuali, Geografia Economica 676 $a050.001 700 1$aAshton,$bThomas Southcliffe$f<1889-1968>$0119668 801 0$aIT$bUNINA$gRICA$2UNIMARC 901 $aBK 912 $a990003254030403321 952 $a050.001.ASH.01.$b44$fDECGE 959 $aDECGE 996 $aREVOLUCION INDUSTRIAL 1760-1830$9449872 997 $aUNINA DB $aING01 LEADER 04288nam 2200769Ia 450 001 9910456729603321 005 20200520144314.0 010 $a1-282-46325-X 010 $a1-282-93580-1 010 $a9786612935800 010 $a9786612463259 010 $a1-4008-3155-5 024 7 $a10.1515/9781400831555 035 $a(CKB)2520000000007014 035 $a(EBL)537666 035 $a(OCoLC)638860574 035 $a(SSID)ssj0000430805 035 $a(PQKBManifestationID)11280529 035 $a(PQKBTitleCode)TC0000430805 035 $a(PQKBWorkID)10456609 035 $a(PQKB)10041362 035 $a(MiAaPQ)EBC537666 035 $a(OCoLC)647843240 035 $a(MdBmJHUP)muse43072 035 $a(DE-B1597)453693 035 $a(OCoLC)979835224 035 $a(DE-B1597)9781400831555 035 $a(MiAaPQ)EBC4968562 035 $a(Au-PeEL)EBL537666 035 $a(CaPaEBR)ebr10359244 035 $a(CaONFJC)MIL293580 035 $a(Au-PeEL)EBL4968562 035 $a(CaONFJC)MIL246325 035 $a(OCoLC)1027204694 035 $a(EXLCZ)992520000000007014 100 $a20090310d2010 uy 0 101 0 $aeng 135 $aur|n|---||||| 181 $ctxt 182 $cc 183 $acr 200 10$aWar at a distance$b[electronic resource] $eromanticism and the making of modern wartime /$fMary A. Favret 205 $aCourse Book 210 $aPrinceton $cPrinceton University Press$dc2010 215 $a1 online resource (273 p.) 300 $aDescription based upon print version of record. 311 $a0-691-14276-9 311 $a0-691-14407-9 320 $aIncludes bibliographical references and index. 327 $tFrontmatter -- $tContents -- $tList of Illustrations -- $tPrelude. A Winter's Evening -- $tPART I. Modern Wartime: Media and Affect -- $tChapter One. Introduction: A Sense of War -- $tChapter Two. Telling Time in War -- $tInterlude. Still Winter Falls -- $tPA RT II. Invasions -- $tChapter Three. War in the Air -- $tChapter Four. Everyday War -- $tInterlude. A Brief History of the Meaning of War -- $tPART III. War in the World -- $tChapter Five. Viewing War at a Distance -- $tCoda. Undone -- $tAcknowledgments -- $tBibliography -- $tIndex 330 $aWhat does it mean to live during wartime away from the battle zone? What is it like for citizens to go about daily routines while their country sends soldiers to kill and be killed across the globe? Timely and thought-provoking, War at a Distance considers how those left on the home front register wars and wartime in their everyday lives, particularly when military conflict remains removed from immediate perception, available only through media forms. Looking back over two centuries, Mary Favret locates the origins of modern wartime in the Napoleonic era and describes how global military operations affected the British populace, as the nation's army and navy waged battles far from home for decades. She reveals that the literature and art produced in Britain during the late eighteenth and early nineteenth centuries obsessively cultivated means for feeling as much as understanding such wars, and established forms still relevant today. Favret examines wartime literature and art as varied as meditations on the Iliad, the history of meteorology, landscape painting in India, and popular poetry in newspapers and periodicals; she locates the embedded sense of war and dislocation in works ranging from Austen, Coleridge, and Wordsworth to Woolf, Stevens, and Sebald; and she contemplates how literature provides the public with methods for responding to violent calamities happening elsewhere. Bringing to light Romanticism's legacy in reflections on modern warfare, this book shows that war's absent presence affects home in deep and irrevocable ways. 606 $aWar and literature 606 $aWar and society 606 $aRomanticism 608 $aElectronic books. 615 0$aWar and literature. 615 0$aWar and society. 615 0$aRomanticism. 676 $a809/.933581 700 $aFavret$b Mary A$01042295 801 0$bMiAaPQ 801 1$bMiAaPQ 801 2$bMiAaPQ 906 $aBOOK 912 $a9910456729603321 996 $aWar at a distance$92466422 997 $aUNINA